000 00860nam a2200241 a 4500
001 000028206
005 20200930031434.0
008 110407s1971 dr a 000 | spa d
040 _aDO-SdBNP
_bspa
_cBNPHU
082 _a922
_bG633t
100 1 _aGómez Cerda, José
_98583
245 1 0 _aTres militantes cristianos :
_bun sindicalista, un sacerdote, un escritor /
_cJosé Gómez Cerda ; presentación de Henry Molina.
260 _aSanto Domingo :
_bMundo Moderno,
_c1971.
300 _a48 p. :
_bil. ;
_c19 cm.
490 1 _aConciencia
_v3
590 _aInventariado, 2019/BT
600 1 4 _aZARZUELA, RAFAEL PORFIRIO
_d1936-1968
_955201
600 1 4 _aCARDIJN, JOSÉ
_d1882-1967
_955202
600 1 4 _aBLOY, LÉON
_d1846-1917
_939266
700 1 2 _aMolina, Henry,
_epresent.
_97271
830 0 _aConciencia;
_v3
_912689
910 _aValidado. Control de calidad MFF
999 _c27698
_d27698